03656nam a22002657a 45000010005000000030006000050050017000110080041000280200018000690400029000870500008001160820010001241000017001342450141001512600040002923000046003325050008003785201865003865200950022515210029032015210020032306500084032506500041033347000015033758776FISKH20251020095342.0251020b cb ||||| |||| 00| 0 eng d a9789996325540 aFISKHbkhrcFISKHdFISKH aPZ7 a398.2 aRathana, Keo aទំនៀមផ្កាស្លាបី :cអ្នករៀបរៀង កែវ រត្ននា​bThree betel flowers /  aPhnom Penh : bBook World , c2015. a27 pages : bcolor illustrator c25 cm .  aK  aមានកុមារកំព្រាបួននាក់បានទៅរៀនយុទ្ធសិល្ប៏ជាមួយនឹងអាចារ្យទិសាបាមោក្ខជាតិព្រាហ្មណ៏រយះពេល៥ឆ្នាំ ។ ក្រោយមក បុរសហោរាក៏បានទស្សន៏ទាយថា​នឹងមានសត្វឥន្រ្ទីពាំកូនក្រមុំស្តេច ។ បុរសចេះបាញ់ធ្នូរក៏បាញ់សត្វនោះហើយធ្លាក់នាងក្រមុំចូលក្នុងសមុទ្រ ។ បុរសចេះមុជទឹកក៏ចុះទៅសង្គ្រោះ ។ បុរសចេះប្រស់ក៏ប្រស់អោយនាងរស់ឡើងវិញ ។ ដោយសារតែរូបរាងដ៏ល្វតល្វន់របស់នាងក្រមុំធ្វើអោយបុរសទាំង៤ចង់បាននាងមកធ្វើជាប្រពន្ធរៀងៗខ្លួន ។​ បុរសទាំង៤មិនសុខចិត្តក៏ទៅប្តឺងព្រះពោធិសត្វទ្រង់ក៏បានកាត់ក្តីអោយបុរសដែលមុជទឹកទៅជួយនាងបានរៀបការជាមួយនាងក្រមុំនោះ ។ បុរស៣នាក់ទៀតក៏បានក្លាយជាបងប្រុស ម្តាយ និង ឪពុក ។​ ហើយទ្រង់ក៏បានប្រែក្លាយអ្នកទាំង៣ទៅជាផ្លាស្លាទុកបាយលើគូស្វាមុីភរិយាថ្មីនៅថ្ងៃមង្គលការ ។ aThere were four orphaned young men who went to study martial arts under a teacher named Teasa Barmok, a Brahmin master, for five years. Later, a fortune teller predicted that a mythical bird (Intri) would carry a royal maiden. The man who was skilled in archery shot down the bird, causing the maiden to fall into the sea. The man who could dive went underwater to rescue her. The man who knew healing revived her. Because of the maiden’s beauty, all four men fell in love with her and each wanted to take her as his wife. Unable to agree, they went to seek judgment from the Bodhisattva. The Bodhisattva ruled that the man who dove into the sea to rescue her should be the one to marry the maiden. The other three were given roles as her elder brother, mother, and father. Then, on the wedding day, the Bodhisattva transformed the three into a pot of rice, a rice ladle, and a food tray — so that they would continue to serve the newlyweds.8 a510 bLexile estimate 8 aK bRaz-Plus  aទំនៀមផ្កាស្លាបី vរឿងប្រពៃណី  aThree retel flowers vKhmer folklore aSan , Thai